Theory of Econometrics (Record no. 862)

MARC details
000 -LEADER
Fixed length control field 00456nam a2200181 4500
003 - CONTROL NUMBER IDENTIFIER
Control field SEACOMMC
005 - DATE AND TIME OF LATEST TRANSACTION
Control field 20250426135120.0
008 - FIXED-LENGTH DATA ELEMENTS--GENERAL INFORMATION
Fixed length control field 241211b |||||||| |||| 00| 0 eng d
020 ## - INTERNATIONAL STANDARD BOOK NUMBER / ISBN
International Standard Book Number 0-333-44283-0
Price Rs.495.00
040 ## - CATALOGING SOURCE
Original cataloging agency SEACOMMC
082 ## - DEWEY DECIMAL CLASSIFICATION NUMBER
Classification number 330.18
Book Number K 88
100 ## - MAIN ENTRY--PERSONAL NAME
Personal name Koutsoyiannis, A
245 1# - TITLE STATEMENT
Title Theory of Econometrics
Statement of responsibility A Koutsoyiannis
250 ## - EDITION STATEMENT
Edition statement 2nd ed.
260 ## - IMPRINT
Place of publication New York
Name of publisher Palgrave
Date of publication 1977
650 ## - SUBJECT ADDED ENTRY--TOPICAL TERM
Topical term Econometrics
942 ## - ADDED ENTRY ELEMENTS (KOHA)
Koha item type Books
Holdings
Withdrawn status Lost status Source of classification Damaged status Not for loan Home library Current library Date acquired Total Checkouts Call number Accession number Date last seen Price effective from Koha item type Copy number
    Dewey Decimal Classification     SEACOM MANAGEMENT COLLEGE SEACOM MANAGEMENT COLLEGE 06/12/2007   330.18 K 88 M-1154 11/12/2024 11/12/2024 Books  
    Dewey Decimal Classification     SEACOM MANAGEMENT COLLEGE SEACOM MANAGEMENT COLLEGE 06/12/2007   330.18 K 88 M-1155 11/12/2024 11/12/2024 Books 1
    Dewey Decimal Classification     SEACOM MANAGEMENT COLLEGE SEACOM MANAGEMENT COLLEGE 06/12/2007   330.18 K 88 M-1156 11/12/2024 11/12/2024 Books 2
© Seacom Engineering College, All rights reserved.    Powered by Koha